| 000 | 01450cam a2200349 a 4500 | ||
|---|---|---|---|
| 001 | 2943385 | ||
| 003 | ARRUPE | ||
| 005 | 20150226181707.0 | ||
| 008 | 900123s1990 nyu b 000 0deng | ||
| 010 | _a 90031317 | ||
| 020 |
_a0809131498 : _c$9.95 |
||
| 040 |
_aDLC _cDLC _dDLC |
||
| 050 | 0 | 0 |
_aBR128.T34 _bL44 1990 |
| 082 | 0 | 0 |
_a261.2/9514 _220 |
| 100 | 1 |
_aLee, Chwen Jiuan A. _q(Chwen Jiuan Agnes), _d1941- _915601 |
|
| 245 | 1 | 2 |
_aA taste of water : _bChristianity through Taoist-Buddhist eyes / _cChwen Jiuan A. Lee, Thomas G. Hand. |
| 260 |
_aNew York : _bPaulist Press, _cc1990. |
||
| 300 |
_aiii, 224 p. ; _c21 cm. |
||
| 504 | _aIncludes bibliographical references (221-224). | ||
| 600 | 1 | 0 |
_aLee, Chwen Jiuan A. _qChen Jiuan Agnes), _d1941- _915602 |
| 600 | 1 | 0 |
_aHand, Thomas G., _d1920- _915603 |
| 600 | 0 | 0 |
_aJesus Christ _xPerson and offices. _915604 |
| 650 | 0 |
_aChristianity and other religions _xTaoism. _915605 |
|
| 650 | 0 |
_aChristianity and other religions _xMahayana Buddhism. _915606 |
|
| 650 | 0 |
_aTaoism _xRelations _xChristianity. _915607 |
|
| 650 | 0 |
_aMahayana Buddhism _xRelations _xChristianity. _915608 |
|
| 650 | 0 |
_aSpiritual life. _94105 |
|
| 700 | 1 |
_aHand, Thomas G., _d1920- _915609 |
|
| 906 |
_a7 _bcbc _corignew _d1 _eocip _f19 _gy-gencatlg |
||
| 942 |
_2lcc _cMONOGRAPH |
||
| 999 |
_c122220 _d122220 |
||